| 000 | 00409nam a22001697a 4500 | ||
|---|---|---|---|
| 005 | 20160530124805.0 | ||
| 008 | 160530b xxu||||| |||| 00| 0 eng d | ||
| 020 | _a81-7808-564-X | ||
| 041 | _aeng | ||
| 082 | _b6060 | ||
| 100 |
_aKotler Philip and others _91422 |
||
| 245 | _aMarketing for Hospitality and Tourism | ||
| 260 |
_bPearsons _c2002 |
||
| 300 | _a779 | ||
| 650 |
_aManagement _9241 |
||
| 942 | _cBK | ||
| 999 |
_c2155 _d2154 |
||